The rope, and other plays. (Record no. 6197)

MARC details
000 -LEADER
fixed length control field 00642nam a2200181 4500
020 ## - INTERNATIONAL STANDARD BOOK NUMBER
ISBN 9780140441369
020 ## - INTERNATIONAL STANDARD BOOK NUMBER
ISBN 0140441360
050 00 - CALL NUMBER
Classification number Pa6570
Item number .A3W3
100 10 - AUTHOR
Personal name Plautus, Titus Maccius.
245 14 - TITLE
Title The rope, and other plays.
Statement of responsibility, etc Titus Maccius Plautus & E.F. Watling.
260 0# - PUBLICATION INFORMATION
Place of publication Baltimore,
Name of publisher Penguin Books
Year of publication [1964]
300 ## - DESCRIPTION
Number of Pages 284 p.
Dimensions 18 cm.
440 #0 - SERIES
SERIES Penguin classics
505 0# - FORMATTED CONTENTS NOTE
Table of Content Introduction.--The ghost (Mostellaria)--The rope (Rudens)--A three-dollar day (Trinummus)--Amphitryo.
650 ## - SUBJECTS
Topical Term Plautus, Titus Maccius
General subdivision Plautus, Titus Maccius -- Translations into English.
700 11 - OTHER AUTHORS
Personal name Watling, E. F.,
942 ## - ADDED ENTRY ELEMENTS (KOHA)
Koha item type Books
Holdings
Withdrawn status Lost status Home library Current library Shelving location Date acquired Full call number Accession Number Koha item type
    Methodist University Library Main Methodist University Library Main General Stacks 12/03/2009 Pa6570 .A3W3 24780 Books
    Methodist University Library Main Methodist University Library Main General Stacks 12/03/2009 Pa6570 .A3W3 24781 Books
Copyright © 2026  MUG Library